En busca de la libertad : (Registro nro. 13836)
[ vista simple ]
| 000 -LIDER | |
|---|---|
| fixed length control field | 00805nam a2200241 a 4500 |
| 001 - NÚMERO DE CONTROL | |
| Identificador de número de control | |
| 003 - IDENTIFICACDOR DE NÚMERO DE CONTROL | |
| control field | DO-SdBNP |
| 005 - DATE AND TIME OF LATEST TRANSACTION | |
| control field | 20211104124144.0 |
| 008 - ELEMENTOS DE LONGITUD FIJA | |
| fixed length control field | 100902s2009 dr c 000 0 spa d |
| 040 ## - FUENTE DE CATALOGACIÓN | |
| Agencia que crea de manera original el registro | DO-SdBNP |
| Idioma de catalogación | spa |
| Agencia que realiza la transcripción | BPMSU |
| 049 ## - LOCAL HOLDINGS (OCLC) | |
| Holding library | |
| 082 ## - NÚMERO DE CLASIFICACIÓN DECIMAL DE DEWEY | |
| Classification number | 972.93053 |
| Item number | P872b 2009 |
| Edition number | 22 |
| 100 1# - ASIENTO PRINCIPAL -- NOMBRE PERSONAL | |
| Nombre personal | Pou Saleta, Poncio R., |
| Fechas asociadas con el nombre | 1922-2010 |
| 245 10 - MENCIÓN DE TITULO | |
| Título | En busca de la libertad : |
| Subtítulo | mi lucha contra la tiranía trujillista / |
| Mención de responsabilidad | Poncio R. Pou Saleta. |
| 260 ## - PUBLICACIÓN, DISTRIBUCIÓN, ETC. (PIE DE IMPRENTA) | |
| Lugar de publicación, distribución, etc | Santo Domingo : |
| Nombre del editor, distribuidor, etc. | Lozano, |
| Fecha de publicación, distribución, etc | 2009 |
| 300 ## - DESCRIPCIÓN FÍSICA | |
| Extensión | 488 p. ; |
| Dimensiones | 23 cm. |
| Otros detalles físicos | |
| 500 ## - NOTA GENERAL | |
| Nota general | Incluye datos biográficos del autor en las solapas |
| 590 ## - NOTA LOCAL | |
| Texto de la nota local | Inventariado, 2021/VM |
| 600 14 - ENCABEZAMIENTO DE MATERIA--NOMBRE PERSONAL | |
| Nombre personal | Pou Saleta, Poncio R. |
| Fechas asociadas con el nombre | 1922-2010 |
| Subdivisión temática general | Biografía |
| 651 #4 - ENCABEZAMIENTO DE MATERIA--NOMBRE GEOGRÁFICO | |
| Nombre geográfico | República Dominicana |
| Subdivisión temática general | Historia |
| -- | Era De Trujillo |
| Subdivisión cronológica | 1930-1961 |
| 910 ## - VALIDACIÓN | |
| Validación | VMateo V. |
| 942 ## - ADDED ENTRY ELEMENTS (KOHA) | |
| Source of classification or shelving scheme | Dewey Decimal Classification |
| Koha item type | Libros |
| Withdrawn status | Lost status | Source of classification or shelving scheme | Damaged status | Not for loan | Home library | Current library | Date acquired | Full call number | Barcode | Date last seen | Price effective from | Koha item type |
|---|---|---|---|---|---|---|---|---|---|---|---|---|
| Dewey Decimal Classification | Biblioteca Pública Metropolitana Salomé Ureña | Biblioteca Pública Metropolitana Salomé Ureña | 11/04/2021 | BPMSU CD 972.93053 P872b 2009 | BPMSU21110030 | 11/04/2021 | 11/04/2021 | Libros |